El luto robado
Zapisane w:
| 1. autor: | |
|---|---|
| Format: | Książka |
| Język: | Undetermined |
| Wydane: |
San José, Costa Rica
Editorial Costa Rica
1963
|
| Hasła przedmiotowe: | |
| Etykiety: |
Dodaj etykietę
Nie ma etykietki, Dołącz pierwszą etykiete!
|
MARC
| LEADER | 00000nam a2200000Ia 4500 | ||
|---|---|---|---|
| 008 | 170316s9999 xx 000 0 und d | ||
| 040 | |a cru BVZT | ||
| 090 | |a 868 C-4L | ||
| 100 | |a Cañas, Alberto |q (Cañas Escalante, Alberto) |9 934 | ||
| 245 | |a El luto robado |c / Alberto Cañas | ||
| 260 | |a San José, Costa Rica |b Editorial Costa Rica |c 1963 | ||
| 300 | |a 115 páginas | ||
| 650 | |a LITERATURA COSTARRICENSE |9 17 | ||
| 999 | |c 10840 |d 10840 | ||
| 942 | |c SALA |h 868 C-4L |2 z | ||
